| 000 | 00594nam a22002177a 4500 | ||
|---|---|---|---|
| 003 | OSt | ||
| 005 | 20170213180723.0 | ||
| 008 | 160426b xxu||||| |||| 00| 0 eng d | ||
| 020 | _a1853963844 | ||
| 040 | _cDDC. | ||
| 082 | _a375KEL 1999. | ||
| 100 |
_aKelly A.V. _911557 |
||
| 245 |
_aThe Curriculum: _btheory and practice. |
||
| 250 | _a4th ed. | ||
| 260 |
_aLondon; _bPaul Chapman Publishing ltd, _c1999. |
||
| 300 |
_axi,244p; _bill; _c25cm. |
||
| 504 | _aincludes bibliography and index. | ||
| 650 |
_aCurriculum _96362 |
||
| 650 |
_aCurriculum development _911558 |
||
| 942 |
_2ddc _cSLOAN |
||
| 999 |
_c3785 _d3785 |
||